|
|
|
|
| LEADER |
00000nam2a2200000 4500 |
| 001 |
291453 |
| 005 |
20231102000405.0 |
| 010 |
|
|
|a 9785991660914
|
| 035 |
|
|
|a (RuTPU)RU\TPU\book\316022
|
| 090 |
|
|
|a 291453
|
| 100 |
|
|
|a 20150414d2016 m y0rusy50 ca
|
| 101 |
0 |
|
|a rus
|
| 102 |
|
|
|a RU
|
| 105 |
|
|
|a a j 000zy
|
| 200 |
0 |
|
|a Т. 1
|
| 210 |
|
|
|d 2016
|
| 215 |
|
|
|a 293 с.
|c ил.
|
| 330 |
|
|
|a В учебнике нового типа, рассчитанном прежде всего на формирование химического мышления студентов, системно и точно, и в то же время ясно и доступно изложен огромный объем современных общехимических знаний.На современном уровне рассмотрено учение о химическом процессе с акцентом на катализ и механизм реакций. Прослежена взаимосвязь между электронным строением и химическим поведением веществ, равное внимание уделено химии элементов главных и дополнительных групп. Логичность и популярность изложения материала, оригинальность контрольных вопросов, доступность иллюстраций способствуют усвоению химических знаний и развитию научного мышления.Соответствует актуальным требованиям Федерального государственного образовательного стандарта высшего образования.
|
| 461 |
|
1 |
|0 (RuTPU)RU\TPU\book\324771
|y 978-5-9916-5219-3
|t Общая и неорганическая химия
|o учебник для академического бакалавриата
|o в 2 т.
|f А. В. Суворов, А. Б. Никольский
|g Санкт-Петербургский государственный университет (СПбГУ)
|v Т. 1
|e 6-е изд., испр. и доп.
|d 2016
|s Бакалавр. Академический курс
|
| 606 |
1 |
|
|a Химия общая
|2 stltpush
|3 (RuTPU)RU\TPU\subj\67862
|9 83510
|
| 606 |
1 |
|
|a Неорганическая химия
|2 stltpush
|3 (RuTPU)RU\TPU\subj\67586
|9 83311
|
| 610 |
1 |
|
|a автономно-молекулярное учение
|
| 610 |
1 |
|
|a периодический закон
|
| 610 |
1 |
|
|a атомы
|
| 610 |
1 |
|
|a строение
|
| 610 |
1 |
|
|a химическая связь
|
| 610 |
1 |
|
|a химические системы
|
| 610 |
1 |
|
|a газовые системы
|
| 610 |
1 |
|
|a твердые системы
|
| 610 |
1 |
|
|a жидкие системы
|
| 610 |
1 |
|
|a дисперсные системы
|
| 610 |
1 |
|
|a химические превращения
|
| 610 |
1 |
|
|a химическая термодинамика
|
| 610 |
1 |
|
|a химические реакции
|
| 610 |
1 |
|
|a химическая кинетика
|
| 610 |
1 |
|
|a химическое равновесие
|
| 610 |
1 |
|
|a электролиты
|
| 610 |
1 |
|
|a растворы
|
| 610 |
1 |
|
|a кислоты
|
| 610 |
1 |
|
|a основания
|
| 610 |
1 |
|
|a обменные реакции
|
| 610 |
1 |
|
|a окислительно-восстановительные реакции
|
| 610 |
1 |
|
|a учебники
|
| 675 |
|
|
|a 54(075.8)
|v 4
|
| 675 |
|
|
|a 546(075.8)
|v 4
|
| 801 |
|
1 |
|a RU
|b 63413507
|c 20150414
|
| 801 |
|
2 |
|a RU
|b 63413507
|c 20151112
|g RCR
|
| 900 |
|
|
|a Общая и неорганическая химия
|
| 942 |
|
|
|c BK
|
| 951 |
|
|
|l 8.1
|
| 952 |
|
|
|l 8
|
| 959 |
|
|
|a 6/20150130
|d 3
|e 849,00
|f ЧЗТЛ:1
|f УФ:2
|
| 959 |
|
|
|a 104/20150825
|d 3
|e 849,00
|f ЧЗТЛ:1
|f УФ:2
|